000 01123nam a2200349M 4500
999 _c111564
_d111564
003 BJBSDDR
005 20230411090040.0
007 ta
008 091208s2000 nyu 000 u eng d
020 _a1557834008
020 _a9781557834003
029 0 _aDKDLA
_b33562667
035 _a(OCoLC)ocn475530089
035 _a(OCoLC)475530089
040 _aDKDLA
_bdan
_cDKDLA
041 _aspa
049 _aGRAL
050 0 0 _aPN 1993.5
_bH373c 2000
082 0 0 _a791.430904
084 _aF(03)71(73)
_2z
084 _aF71(73)(03)
_2z
084 _aF(083.6)71(73)
_2z
100 1 _aHaun, Harry.
245 1 4 _aThe cinematic century :
_ban intimate diary of America's affair with the movies /
_cHarry Haun.
260 _aNew York :
_bApplause Books,
_c2000.
300 _a[382] s. :
_bill.
520 _aA celebration of a century of cinematic obsession. Logging every milestone from the late 1890s to 1999, each page represents a day in the life of cinematic history.
650 4 _aPelĂ­culas
_91676
_x Historia
_ySiglo XX.
_zEstados Unidos
650 0 _aPelĂ­culas
_9817
942 _2lcc
_cBK
946 _alrm